Europäische Geschichte - Einfach - Statistiken

Allgemein
  • Dieses Quiz wurde 14.087 mal gespielt
  • Das Durchschnittsergebnis liegt bei 13 aus 15
Antwortstatistiken
Frage Antwort % Korrekt
Wer war die meiste Zeit der Führer Deutschlands im Zweiten Weltkrieg? Adolf Hitler
98%
Welche Stadt ist bekannt als Geburtsort der Demokratie? Athen
96%
Haben die Wikinger Gewehre benutzt? Nein
95%
Richtig oder Falsch: Die Bevölkerung in Europa ist heute größer als vor Tausend Jahren. Richtig
93%
Was war die offizielle Sprache der Sowjetunion? Russisch
93%
Warum ist Martin Luther berühmt? Er startete die Protestantische Reformation
91%
Wer bezahlte für die Reisen von Christoph Columbus? Spanien
91%
Wer schrieb "Das kommunistische Manifest"? Karl Marx
90%
Welches dieser Jahre war während des Mittelalters? 1200 n.Chr.
89%
Was war die größte und wichtigste Stadt Europas, als Jesus am Leben war? Rom
89%
Wer hat die Decke der Sixtinischen Kapelle bemalt? Michelangelo
82%
Was der drei wurde in Europa erfunden? Die Dampfmaschine
80%
Welche Sprache sprach Alexander der Große? Griechisch
63%
Wie viele Frauen hatte Henry VIII? 6
61%
Was war der Spitzname des rumänischen Herrschers Vlad III? Der Pfähler
55%
Keine übereinstimmenden Quizze gefunden
Verteilung der Resultate
Anzahl Personen mit jedem Resultat
Perzentil nach korrekt beantworteten Fragen
Ihre Resultats-Entwicklung
Sie haben dieses Quiz noch nicht gespielt